Statistieken voor Mauritius Trivia Quiz

Klik hier om de quiz te nemen!

Algemene statistieken

  • Deze quiz is 162 keer genomen
  • De gemiddelde score is 9 van 14

Antwoordstatistieken

HintAntwoord% Correct
Niet-vliegende vogel die uitstierf kort nadat mensen op Mauritius kwamen wonenDodo
96%
Oceaan waar Mauritius in ligtIndische Oceaan
92%
Land waaruit Mauritius in 1968 onafhankelijk werdVerenigd Koninkrijk
89%
Taal waarop het bovenstaande is gebaseerdFrans
83%
Eerste land dat nederzettingen vestigde op Mauritius, in 1638Nederland
81%
Meest populaire religieHindoeïsme
75%
Hoofdstad van MauritiusPort Louis
71%
Meest gesproken taalMauritiaans Creools
67%
Naam van het hoofdeiland van MauritiusMauritius
63%
Het enige land dat recenter volledig onbewoond wasSeychellen
62%
Belangrijkste exportgewas van de 19e eeuwSuiker
50%
Valuta van MauritiusRoepie
43%
Nabijgelegen archipel, waarvan het hoofdeiland Diego Garcia is, waar Mauritius de controle over probeert te krijgen{Chagos}archipel
38%
Op één na grootste eilandRodrigues
38%

Scoreverdeling

Percentiel versus Aantal Correcte Antwoorden

Procent van Mensen met Elke Score

Uw Scoregeschiedenis

U heeft deze quiz nog niet genomen